000 01256nam a2200265 i 4500
001 157227
003 ES-MaACL
005 20250801093105.0
008 931025s1798 sp ac |||| | spa d
100 1 _aLatassa y Ortin, Félix de.
_970515
245 1 0 _aBiblioteca nueva de los escritores aragoneses
_b: que florecieron desde el año de 1500 hasta 1599 /
_csu autor el doctor Don Felix de Latassa y Ortin ... ; tomo \RI\R.
260 _aEn Pamplona :
_ben la Oficina de Joaquin de Domingo ...,
_c1798.
300 _a7, 628 p., [2] h. de grab. ;
_c4º.
596 _aMarca de imp. en port.
597 _aSign.: [calderón]\p4\s, A-Z\p4\s, 2A-2Z\p4\s, 3A-3Z\p4\s 4A-4H\p4\s, 4I\p2\s, 4K\p4\s.
597 _a1 h. de grab. calc.: retrato de D. Felix de Latassa delante de la port.
597 _a1 h. de grab. calc., esc. heráldico detrás de la port.
650 _aAragon-
_xBibliografia.
_9222733
650 0 _aLiteratura española-
_zAragón-
_xBibliografía
_9233447
650 0 _aEscritores aragoneses
_9234111
700 1 _aDomingo, Joaquín,
_eimp.
_9126819
752 _aEspaña -
_dPamplona
852 _aES-MaACL
_jR-330-35
_z-- Enc. pasta española grabada
_q-- Falto de port.
_x Olim: C-2217-22
999 _c157227
_d157227